01393nam a22003497a 4500003000500000005001700005008004100022010001000063011001000073035001000083040000900093090001000102100003800112245019600150260003900346300001000385502009100395590003700486590004100523590004100564590004100605590004100646590004100687590004200728650004300770650003400813901000700847942001000854949003500864999001700899952012700916CHAP20220329134329.0971013s1979 r 00010 d a18887 a19859 a23944 cCHAP aTesis00aDíaz Belmontes, Alfredo.933383 aEstudio de factibilidad económica para la siembra de tomnate (Lycopersicon esculentm Mill) de la variedad Roma para la región de Apodaca, N.L. durante el ciclo de primavera-verano de 1979 aMonterrey. N.L. :bEl autor,c1979 a87 h. aTesis (Ing. Agr. Administrador) -- ITESM. Div. de Ciencias Agropecuarias y Marítimas aALEPHb10c20130110lUCH01h1242 aBATCH-UPDb10c20130110lUCH01h0223 aBATCH-UPDb10c20130110lUCH01h1744 aBATCH-UPDb10c20130409lUCH01h2244 aBATCH-UPDb10c20130410lUCH01h1123 aBATCH-UPDb10c20130914lUCH01h1945 aCONVERSIONb10c20130109lUCH01h131114aTomatexAspectos económicos.911368114aTomatexNuevo León.9113746 aBK cTESIS bBCcTESd-55447eTS1i23944si c18887d18887 00102local4051708TESISaBCbBCcPA_TESISd2012-12-17fTESISl0oTesisp-55447r2019-12-31 00:00:00w2019-12-31yTESIS